[Event "ch-ROU 2017"]
[Site "masterchessopen.com Calimanesti-Caciulata ROU"]
[Date "2017.03.25"]
[Round "1.28"]
[White "Craciun,O"]
[Black "Gilea,L"]
[Result "0-1"]
[WhiteElo "1903"]
[BlackElo "2255"]

1.e4 c6 2.d4 Na6 3.Nf3 Nc7 4.Be3 d5 5.e5 Bg4 6.Nbd2 Qd7 7.h3 Bh5 8.Be2 f5
9.Ng5 Bxe2 10.Qxe2 g6 11.f4 e6 12.a4 Na6 13.c3 h6 14.Ngf3 c5 15.Nh4 Kf7 16.g4
cxd4 17.Bxd4 Be7 18.Ndf3 Qd8 19.Qf2 Bxh4 20.Nxh4 Ne7 21.gxf5 Nxf5 22.Nxf5 gxf5
23.Bxa7 Rg8 24.Bd4 Rg6 25.b3 b5 26.O-O-O Qd7 27.Rhg1 Rag8 28.Rxg6 Rxg6 29.axb5
Qxb5 30.Kc2 Nb8 31.Qf1 Qb7 32.Rd2 Nc6 33.Bc5 Na5 34.b4 Nc4 35.Rd1 Rg8 36.Qf3
Qa8 37.Qh5+ Rg6 38.Kd3 Qa2 39.b5 Nb2+ {#R} 0-1

[Event "ch-ROU 2017"]
[Site "masterchessopen.com Calimanesti-Caciulata ROU"]
[Date "2017.03.25"]
[Round "1.29"]
[White "Banzea,Alexandru-Bogdan"]
[Black "Dracea,Gheorghe"]
[Result "1-0"]
[WhiteElo "2232"]
[BlackElo "1900"]

1.e4 c5 2.Nf3 Nc6 3.d4 cxd4 4.Nxd4 Nf6 5.Nc3 e5 6.Ndb5 d6 7.Bg5 a6 8.Na3 b5
9.Nd5 Be7 10.Bxf6 Bxf6 11.c4 b4 12.Nc2 a5 13.Qf3 Be6 14.h4 Rc8 15.g3 Bxd5
16.cxd5 Nb8 17.Ne3 O-O 18.Bh3 Rc7 19.O-O Na6 20.Rac1 Nc5 21.Nc4 Rb7 22.Qe3 Be7
23.f4 exf4 24.gxf4 Nd7 25.h5 Re8 26.Qf3 Bf6 27.Kh1 Nc5 28.e5 Be7 29.Rfe1 Bf8
30.exd6 Rxe1+ 31.Rxe1 g6 32.Qe3 Bxd6 33.Qe8+ Qxe8 34.Rxe8+ Bf8 35.d6 a4 36.Ne5
a3 37.b3 f5 38.Bg2 Ra7 39.h6 {#r} 1-0

[Event "ch-ROU 2017"]
[Site "masterchessopen.com Calimanesti-Caciulata ROU"]
[Date "2017.03.25"]
[Round "1.30"]
[White "Oprisoni,G"]
[Black "Pisu,R"]
[Result "0-1"]
[WhiteElo "1882"]
[BlackElo "2229"]

1.d4 c5 2.d5 Nf6 3.Nc3 e6 4.e4 d6 5.Bb5+ Nbd7 6.a4 a6 7.Be2 e5 8.Nf3 g6 9.Nd2
Bg7 10.Nc4 Nb6 11.Ne3 Bd7 12.f3 Nh5 13.g3 O-O 14.a5 Nc8 15.O-O Bh3 16.Ng2 f5
17.Rf2 f4 18.g4 Nf6 19.Bf1 Nd7 20.Ne2 h5 21.gxh5 Qg5 22.h6 Qxh6 23.Kh1 Ne7
24.Ng1 Bxg2+ 25.Bxg2 Bf6 26.Bh3 Rad8 27.Ra3 Bh4 28.Rg2 Nf6 29.Bd2 Kg7 30.Be1
Bxe1 31.Qxe1 g5 32.Rb3 Rb8 33.Rb6 Rfd8 34.Qc3 Nfxd5 35.exd5 Nxd5 36.Qb3 Nxb6
37.Qxb6 Qf6 38.Bg4 Qe7 39.Bf5 Rf8 40.Be4 Rh8 41.Rd2 Rh6 42.Ne2 d5 43.Qxh6+
Kxh6 44.Rxd5 Rd8 45.Nc3 Rxd5 46.Bxd5 Qc7 {#R} 0-1

[Event "ch-ROU 2017"]
[Site "masterchessopen.com Calimanesti-Caciulata ROU"]
[Date "2017.03.25"]
[Round "1.31"]
[White "Vasiesiu,Victor"]
[Black "Juravle,Mihnea-Marian"]
[Result "1-0"]
[WhiteElo "2228"]
[BlackElo "1868"]

1.e4 c5 2.Nf3 d6 3.d4 cxd4 4.Nxd4 Nf6 5.Nc3 a6 6.f3 e5 7.Nb3 Be6 8.Be3 h5
9.Qd2 Nbd7 10.O-O-O Be7 11.Kb1 Rc8 12.Nd5 Bxd5 13.exd5 Qc7 14.c4 O-O 15.Be2
Ne8 16.g4 h4 17.Rc1 Nc5 18.g5 Qd7 19.Nxc5 dxc5 20.Bd3 Nd6 21.Qf2 Nf5 22.f4
Nxe3 23.Qxe3 exf4 24.Qxf4 g6 25.Qxh4 b5 26.Rhf1 bxc4 27.Bxc4 Qd8 28.Rg1 Re8
29.d6 Qxd6 30.Bxf7+ Kxf7 31.Qh7+ Ke6 32.Qxg6+ Ke5 33.Rge1+ Kf4 34.Rc4+ Kf3
35.Qe4+ {#r} 1-0

[Event "ch-ROU 2017"]
[Site "masterchessopen.com Calimanesti-Caciulata ROU"]
[Date "2017.03.25"]
[Round "1.32"]
[White "Secrieru,Andrei-Cristian"]
[Black "Daianu,C"]
[Result "0-1"]
[WhiteElo "1822"]
[BlackElo "2209"]

1.d4 Nf6 2.c4 g6 3.Nc3 d5 4.Bg5 Bg7 5.Bxf6 Bxf6 6.cxd5 Bg7 7.Nf3 c6 8.dxc6
Nxc6 9.e3 a6 10.Be2 O-O 11.Rc1 b5 12.O-O Bb7 13.Nd2 Qb6 14.Bf3 Rfd8 15.Nd5 Qa7
16.Nxe7+ Nxe7 17.Rc7 Bxf3 18.Rxa7 Bxd1 19.Rxe7 Bg4 20.f3 Be6 {#R} 0-1

[Event "ch-ROU 2017"]
[Site "masterchessopen.com Calimanesti-Caciulata ROU"]
[Date "2017.03.25"]
[Round "1.33"]
[White "Toma,Al"]
[Black "Ion,Dragos-Cosmin"]
[Result "1-0"]
[WhiteElo "2199"]
[BlackElo "1810"]

1.e4 c6 2.d3 d5 3.Nd2 e5 4.Ngf3 Bd6 5.d4 exd4 6.exd5 c5 7.Bb5+ Bd7 8.Qe2+ Qe7
9.Ne4 Kf8 10.O-O Nf6 11.Nxf6 Qxf6 12.Re1 Qd8 13.c3 dxc3 14.bxc3 Bxb5 15.Qxb5
Qd7 16.Qd3 h6 17.c4 Na6 18.Bb2 Nc7 19.Nh4 Ne8 20.Nf5 Rg8 21.Re3 Nf6 22.h3 Nh5
23.Rae1 Nf4 24.Qe4 f6 25.Rf3 Kf7 26.Nxd6+ Qxd6 {#r} 1-0

[Event "ch-ROU w 2017"]
[Site "masterchessopen.com Calimanesti-Caciulata ROU"]
[Date "2017.03.25"]
[Round "1.1"]
[White "Peptan,C"]
[Black "Jakab,Kincso"]
[Result "1-0"]
[WhiteElo "2390"]
[BlackElo "1973"]

1.c4 e6 2.Nf3 d5 3.d4 c6 4.e3 f5 5.Bd3 Nf6 6.Qc2 Ne4 7.O-O Bd6 8.b3 Qe7 9.a4
Na6 10.c5 Nb4 11.cxd6 Nxc2 12.dxe7 Nxa1 13.Nbd2 Nxd2 14.Nxd2 Nxb3 15.Nxb3 Kxe7
16.Ba3+ Kf6 17.Na5 Rd8 18.f3 Kf7 19.Rb1 Rd7 20.Bb4 g5 21.Be1 Kg8 22.Bg3 b6
23.Nxc6 Bb7 24.Bb5 Rg7 25.Ne5 Rc7 26.a5 bxa5 27.Bd7 Kg7 28.Be1 Rd8 29.Bxe6 Re7
30.Bxa5 Rd6 31.Bxf5 {#r} 1-0

[Event "ch-ROU w 2017"]
[Site "masterchessopen.com Calimanesti-Caciulata ROU"]
[Date "2017.03.25"]
[Round "1.2"]
[White "Ciocan,Maria-Alexandra"]
[Black "Bulmaga,I"]
[Result "0-1"]
[WhiteElo "1897"]
[BlackElo "2388"]

1.e4 d6 2.d4 Nf6 3.Nc3 Nbd7 4.Nf3 e5 5.Rg1 c6 6.g4 Qa5 7.Bd2 exd4 8.Nxd4 Qe5
9.Nf3 Qe7 10.Qe2 Nc5 11.e5 Nxg4 12.Bg5 f6 13.exf6 Qxe2+ 14.Bxe2 Nxf6 15.O-O-O
Be7 16.Bxf6 gxf6 17.Nd4 d5 18.Rde1 Kf8 19.Bf3 a5 20.h4 Bd6 21.Nce2 Bd7 22.h5
h6 23.Rg6 Kf7 24.Reg1 Rag8 25.Kb1 Ne4 26.Bxe4 dxe4 27.Ng3 Bxg3 28.R1xg3 Rxg6
29.hxg6+ Kg7 30.Ne2 h5 31.Re3 Bf5 32.Nf4 h4 33.Rb3 Bc8 34.Re3 h3 35.Rxe4 h2
36.Re7+ Kh6 37.Re1 Kg5 38.g7 h1=Q 39.Nh3+ Qxh3 {#R} 0-1

[Event "ch-ROU w 2017"]
[Site "masterchessopen.com Calimanesti-Caciulata ROU"]
[Date "2017.03.25"]
[Round "1.3"]
[White "Cosma,E"]
[Black "Aciu,Malina-Andreea"]
[Result "1-0"]
[WhiteElo "2313"]
[BlackElo "1893"]

1.d4 d5 2.Nf3 Nf6 3.g3 b5 4.Bg2 e6 5.O-O Bb7 6.b3 Nbd7 7.c4 dxc4 8.bxc4 bxc4
9.Na3 Be7 10.Nxc4 O-O 11.Bd2 c5 12.Ba5 Qe8 13.Bc7 Ne4 14.Rc1 Rc8 15.Bf4 Ndf6
16.Be5 Ng4 17.h3 Nxe5 18.dxe5 f5 19.exf6 Bxf6 20.Qc2 Rd8 21.Nfe5 Bxe5 22.Bxe4
Bxe4 23.Qxe4 Bb8 24.Rcd1 Rf6 25.Rxd8 Qxd8 26.Rb1 Bc7 27.Rb3 a5 28.Rd3 Qb8
29.Rf3 Rg6 30.Kg2 Qe8 31.Qb7 Qb8 32.Qxb8+ Bxb8 33.Rb3 Bc7 34.Rb7 {#r} 1-0

[Event "ch-ROU w 2017"]
[Site "masterchessopen.com Calimanesti-Caciulata ROU"]
[Date "2017.03.25"]
[Round "1.4"]
[White "Nastase,Andreea-Cristina"]
[Black "Sgircea,S"]
[Result "0-1"]
[WhiteElo "1888"]
[BlackElo "2276"]

1.d4 Nf6 2.c4 e6 3.Nc3 Bb4 4.e3 O-O 5.Bd3 d5 6.cxd5 exd5 7.Ne2 Re8 8.O-O b6
9.a3 Bf8 10.Nf4 Bb7 11.Qf3 a6 12.b4 Qd6 13.Bb2 Nbd7 14.b5 c6 15.bxc6 Bxc6
16.a4 Ne4 17.Ba3 Qh6 18.Bxe4 dxe4 19.Qe2 Bb7 20.Bxf8 Nxf8 21.Nfd5 Qd6 22.Qc4
Rac8 23.Qb3 Nd7 24.Rab1 Re6 25.Nf4 Rh6 26.g3 g5 27.Ng2 Qg6 28.g4 Qd6 29.h4
gxh4 30.Nf4 h3 31.Kh1 h2 32.Nce2 Rh4 33.g5 Rc6 34.Ng3 Rxf4 35.exf4 Qxf4 36.Qe3
Qg4 37.Kxh2 Rg6 38.Kg2 Rxg5 39.Rbc1 Nf6 40.Kg1 Nd5 41.Qa3 e3 42.Rfe1 Qf3 {#R}
0-1

[Event "ch-ROU w 2017"]
[Site "masterchessopen.com Calimanesti-Caciulata ROU"]
[Date "2017.03.25"]
[Round "1.5"]
[White "Sandu,Mi"]
[Black "Didiliuc,Dariana-Gabriela"]
[Result "1-0"]
[WhiteElo "2261"]
[BlackElo "1876"]

1.e4 c5 2.Nf3 Nc6 3.d4 cxd4 4.Nxd4 Nf6 5.Nc3 e5 6.Ndb5 d6 7.Bg5 a6 8.Na3 b5
9.Nd5 Be7 10.Bxf6 Bxf6 11.c3 Ne7 12.Nxf6+ gxf6 13.g3 Bb7 14.Bg2 d5 15.O-O dxe4
16.Qe2 f5 17.Rad1 Qb6 18.Nc2 Qe6 19.Rd2 Rd8 20.Rfd1 Rxd2 21.Qxd2 O-O 22.Bh3
Kh8 23.Ne3 Qf6 24.c4 f4 25.Nd5 Bxd5 26.cxd5 Qd6 27.gxf4 Rg8+ 28.Kh1 Qh6 29.Qc3
Qxf4 30.d6 Nf5 31.d7 Nd4 32.Qe3 Qf6 33.Bg2 Nf3 34.Qxe4 Nh4 35.Bh3 Rd8 36.Rc1
Kg7 37.Rg1+ Kh8 38.Qg4 Ng6 39.Qf5 Qc6+ 40.f3 f6 41.Qe4 Qd6 42.Qg4 a5 43.Qe4
Ne7 44.Qc2 f5 45.Rd1 Qe6 46.Qc7 Nc6 47.Rd6 Qe7 48.Qxc6 Qg5 49.Rd1 Qh5 50.Qf6+
{#r} 1-0

[Event "ch-ROU w 2017"]
[Site "masterchessopen.com Calimanesti-Caciulata ROU"]
[Date "2017.03.25"]
[Round "1.6"]
[White "Panainte,Andreea-Bianca"]
[Black "Ionescu,I"]
[Result "0-1"]
[WhiteElo "1850"]
[BlackElo "2253"]

1.e4 g6 2.d4 Bg7 3.Nc3 c6 4.f4 d5 5.e5 Nh6 6.Nf3 f6 7.Bd3 Bg4 8.O-O O-O 9.Re1
fxe5 10.dxe5 Nd7 11.Be2 e6 12.Ng5 Bxe2 13.Nxe2 Qb6+ 14.Nd4 Rfe8 15.Be3 c5
16.Nb3 Rad8 17.c3 Qc6 18.a4 b6 19.Qf3 Nf5 20.Bf2 h6 21.Nh3 Rf8 22.g4 Ne7
23.Qg2 g5 24.Bg3 Ng6 25.fxg5 Ndxe5 26.Bxe5 Nxe5 27.Rxe5 Bxe5 28.gxh6 Qe8
29.Qc2 Qe7 30.Qg6+ Kh8 31.Ng5 Bf6 32.Nh3 Rg8 {#R} 0-1

[Event "ch-ROU w 2017"]
[Site "masterchessopen.com Calimanesti-Caciulata ROU"]
[Date "2017.03.25"]
[Round "1.7"]
[White "Dragomirescu,An"]
[Black "Firaru,R"]
[Result "1-0"]
[WhiteElo "2210"]
[BlackElo "1835"]

1.d4 Nf6 2.Nf3 e6 3.g3 d5 4.c4 c6 5.Qc2 Bb4+ 6.Bd2 a5 7.Bg2 O-O 8.O-O Bxd2
9.Nbxd2 Nbd7 10.Rfd1 Re8 11.Rac1 Qe7 12.e4 dxe4 13.Nxe4 Nxe4 14.Qxe4 Nf6
15.Qe3 Qb4 16.Rd2 a4 17.Ne5 Nd7 18.c5 Nxe5 19.dxe5 h6 20.Rcd1 Qa5 21.Rd6 Qc7
22.h4 Ra6 23.Qd3 Ra8 24.Be4 Kf8 25.Bf3 Kg8 26.Rd8 Rxd8 27.Qxd8+ Qxd8 28.Rxd8+
Kh7 29.Rf8 f5 30.h5 Rb8 31.Kg2 Ra8 32.g4 g5 33.hxg6+ Kxg6 34.gxf5+ Kg7 35.Rd8
exf5 36.Bh5 f4 37.Bg4 Bxg4 38.Rxa8 Bd1 39.Rd8 Bg4 40.Rd4 {#r} 1-0

[Event "ch-ROU w 2017"]
[Site "masterchessopen.com Calimanesti-Caciulata ROU"]
[Date "2017.03.25"]
[Round "1.8"]
[White "Balan,Briana-Cleopatra"]
[Black "Cosman,A"]
[Result "0-1"]
[WhiteElo "1806"]
[BlackElo "2120"]

1.d4 Nf6 2.Bf4 g6 3.Nc3 Bg7 4.e4 d6 5.Qd2 Nbd7 6.Nf3 c5 7.dxc5 Nxc5 8.e5 Nfe4
9.Nxe4 Nxe4 10.Qd5 Nc5 11.Bb5+ Bd7 12.Bxd7+ Qxd7 13.O-O Qf5 14.Qc4 O-O 15.exd6
Rfc8 16.dxe7 Ne6 17.e8=Q+ Rxe8 18.Be3 Rec8 19.Qb3 Qxc2 20.Qxb7 Rcb8 21.Rac1
Qxb2 22.Qd5 a5 23.Rb1 Qxb1 {#R} 0-1

[Event "ch-ROU w 2017"]
[Site "masterchessopen.com Calimanesti-Caciulata ROU"]
[Date "2017.03.25"]
[Round "1.9"]
[White "Visanescu,D"]
[Black "Bogdan,El"]
[Result "1-0"]
[WhiteElo "2036"]
[BlackElo "1763"]

1.e4 e5 2.Nf3 Nc6 3.Bc4 Bc5 4.c3 Nf6 5.d4 exd4 6.e5 d5 7.Bb5 Nd7 8.cxd4 Bb4+
9.Nc3 Ne7 10.O-O c6 11.Bd3 Nf8 12.Nh4 Nfg6 13.Nxg6 hxg6 14.Bg5 Rh5 15.h4 Qc7
16.Rc1 a6 17.Ne2 Rh8 18.Nf4 Qa5 19.a3 Bd2 20.Rc5 b5 21.b4 Bxb4 22.axb4 Qxb4
23.Bxe7 Kxe7 24.Rxc6 Qxd4 25.Qf3 Rxh4 26.Nxd5+ Kf8 27.Rxg6 {#r} 1-0

[Event "ch-MGL 2017"]
[Site "masterchessopen.com Dadal MGL"]
[Date "2017.03.25"]
[Round "11.4"]
[White "Urtnasan,N"]
[Black "Bilguun,Sumiya"]
[Result "1-0"]
[WhiteElo "2357"]
[BlackElo "2444"]

1.d4 d5 2.c4 e6 3.Nf3 Nf6 4.g3 dxc4 5.Bg2 Be7 6.O-O O-O 7.Qc2 a6 8.a4 c6 9.a5
b5 10.axb6 Qxb6 11.Nbd2 Qb5 12.Nxc4 Nd5 13.Ra5 Qb7 14.Ng5 g6 15.Ne4 Qc7 16.Nc5
Nd7 17.e4 N7b6 18.Ne5 Nf6 19.b4 Nbd7 20.Nc4 Nb6 21.Bf4 Qd8 22.Ne5 Nh5 23.Bh6
Re8 24.Nxc6 Qc7 25.Nxe7+ Qxe7 26.b5 axb5 27.Rxb5 Nd7 28.e5 Ra7 29.Ne4 Ba6
30.Ra1 Bxb5 31.Rxa7 Qb4 32.Qc3 Qb1+ 33.Qc1 Qxc1+ 34.Bxc1 Rb8 35.Nd6 Nf8 36.g4
Bc6 37.Rc7 Bxg2 38.Kxg2 Ng7 39.Bh6 Ne8 40.Rxf7 Nxd6 41.Rg7+ Kh8 42.exd6 g5
43.Rc7 Rd8 44.Bxf8 {#r} 1-0

[Event "ch-MGL Women 2017"]
[Site "masterchessopen.com Dadal MGL"]
[Date "2017.03.25"]
[Round "11.1"]
[White "Ankhchimeg,B"]
[Black "Lkhamsuren,U"]
[Result "1-0"]
[WhiteElo "2156"]
[BlackElo "2189"]

1.e4 e6 2.d4 d5 3.exd5 exd5 4.Nf3 Nc6 5.Bd3 Bg4 6.c3 Bd6 7.O-O Qd7 8.Na3 O-O-O
9.Nc2 Nge7 10.Ne3 h5 11.b4 Rdg8 12.b5 Nd8 13.a4 g5 14.a5 f5 15.c4 Bxf3 16.Qxf3
g4 17.Qd1 f4 18.c5 fxe3 19.cxd6 Qxd6 20.Bxe3 h4 21.Qd2 Ne6 22.b6 axb6 23.axb6
Qxb6 24.Rfb1 Qd6 25.Ra7 Nc6 26.Raxb7 Ncxd4 27.Bf1 Nf5 28.R1b5 Nxe3 29.fxe3 d4
30.Bc4 dxe3 31.Bxe6+ Kd8 32.Qxd6+ cxd6 33.Rd7+ Ke8 34.Rb8# 1-0

[Event "ch-MGL Women 2017"]
[Site "masterchessopen.com Dadal MGL"]
[Date "2017.03.25"]
[Round "11.4"]
[White "Nomindalai,Tumurbaatar"]
[Black "Uuriintuya,Uurtsaikh"]
[Result "0-1"]
[WhiteElo "1804"]
[BlackElo "2218"]

1.d4 Nf6 2.Bg5 c5 3.Bxf6 gxf6 4.dxc5 Qa5+ 5.Nd2 Qxc5 6.e3 Nc6 7.c3 d6 8.Ngf3
Bd7 9.Bc4 d5 10.Bd3 O-O-O 11.Qc2 h5 12.b4 Qd6 13.a4 Kb8 14.a5 Ne5 15.Nxe5 fxe5
16.a6 b6 17.O-O e4 18.Be2 Rg8 19.Kh1 Qg6 20.Rg1 Bg7 21.Rac1 Bf5 22.Nb3 Be5
23.Nd4 Bg4 24.Qd2 Qf6 25.Bf1 Bxh2 26.g3 Bxg1 27.Kxg1 h4 28.Bg2 e5 29.Nb3 Bf3
30.Na5 hxg3 {#R} 0-1

[Event "ch-MGL Women 2017"]
[Site "masterchessopen.com Dadal MGL"]
[Date "2017.03.25"]
[Round "11.6"]
[White "Anu,B"]
[Black "Batchimeg,Tuvshintugs"]
[Result "1-0"]
[WhiteElo "2043"]
[BlackElo "2403"]

1.d4 e6 2.c4 b6 3.Nc3 Bb7 4.Nf3 Bb4 5.g3 f5 6.Bg2 Nf6 7.O-O Bxc3 8.bxc3 O-O
9.d5 Qe7 10.Nd4 Ne4 11.Nb5 Na6 12.f3 Nd6 13.Ba3 exd5 14.Nxd6 cxd6 15.Qd4 Nc5
16.cxd5 Rae8 17.e4 f4 18.Bc1 Ba6 19.c4 fxg3 20.hxg3 Qe5 21.Qxe5 dxe5 22.Be3
Rc8 23.f4 Bxc4 24.Rfd1 d6 25.fxe5 dxe5 26.Bh3 Rcd8 27.Bxc5 bxc5 28.Be6+ Kh8
29.Rac1 Bxa2 30.Rxc5 Rf3 31.Kg2 Re3 32.Rc8 Rxc8 33.Bxc8 Rc3 34.Bf5 Rc2+ 35.Kh3
Rb2 36.d6 Rb8 37.d7 Rd8 38.Rc1 {#r} 1-0

[Event "Norberto La Porta Cup"]
[Site "masterchessopen.com Buenos Aires ARG"]
[Date "2017.03.25"]
[Round "1.1"]
[White "Gonzalez,Fabian"]
[Black "Bachmann,Ax"]
[Result "0-1"]
[WhiteElo "1947"]
[BlackElo "2646"]

1.d4 Nf6 2.c4 e6 3.Nf3 Bb4+ 4.Bd2 a5 5.g3 d6 6.Bg2 Nbd7 7.O-O e5 8.Nc3 c6
9.Qc2 O-O 10.Bg5 Bxc3 11.Qxc3 Ne4 12.Bxd8 Nxc3 13.bxc3 Rxd8 14.Bh3 Re8 15.e3
g6 16.Rab1 f5 17.Rfd1 Nf6 18.Nd2 Re7 19.c5 dxc5 20.dxe5 Nd5 21.Nf3 Nxc3
22.Rd8+ Kg7 23.Rb2 b5 24.Rd6 b4 25.Bf1 Be6 26.Ng5 Bxa2 27.Rbd2 Bd5 28.e6 h6
29.Rd7 Rxd7 {#R} 0-1

[Event "Norberto La Porta Cup"]
[Site "masterchessopen.com Buenos Aires ARG"]
[Date "2017.03.25"]
[Round "1.3"]
[White "Heinecke,V"]
[Black "Flores,Di"]
[Result "0-1"]
[WhiteElo "1939"]
[BlackElo "2568"]

1.e4 c5 2.d4 cxd4 3.c3 Nf6 4.e5 Nd5 5.Nf3 e6 6.Bc4 Nb6 7.Bb3 d6 8.cxd4 dxe5
9.dxe5 Qxd1+ 10.Bxd1 Bb4+ 11.Nc3 O-O 12.O-O Bd7 13.Be2 Nc6 14.Rd1 Bxc3 15.bxc3
Rfc8 16.Ba3 Na5 17.Rac1 Bc6 18.Nd4 Bd5 19.Bb4 Nac4 20.Bxc4 Bxc4 21.Rd2 Nd5
22.Bd6 Ba6 23.Rdc2 Rc4 24.Bb4 Nxb4 25.cxb4 Rxd4 {#R} 0-1

[Event "Norberto La Porta Cup"]
[Site "masterchessopen.com Buenos Aires ARG"]
[Date "2017.03.25"]
[Round "1.4"]
[White "Mekhitarian,K"]
[Black "Farias,G"]
[Result "1-0"]
[WhiteElo "2544"]
[BlackElo "1921"]

1.e4 c5 2.Nf3 d6 3.d4 cxd4 4.Nxd4 Nf6 5.Nc3 g6 6.Be2 Bg7 7.O-O O-O 8.Re1 Bd7
9.Bf1 Nc6 10.Nb3 Rc8 11.Nd5 Re8 12.c3 Be6 13.Bg5 Bxd5 14.exd5 Ne5 15.Qd4 a6
16.Rad1 Ned7 17.Qb4 Qb6 18.Qxb6 Nxb6 19.Na5 Rc7 20.c4 Kf8 21.b3 Nbd7 22.Be3
Ng4 23.Bd2 Bh6 24.f4 Bg7 25.g3 f5 26.b4 Kf7 27.Kg2 Ngf6 28.Bd3 e5 29.c5 Bf8
30.cxd6 Bxd6 31.Nc4 Rxc4 32.Bxc4 Rc8 33.Bb3 Ne4 34.fxe5 Nxe5 35.Bf4 Kf6 36.Rc1
Re8 37.Bxe5+ Kxe5 38.a3 Kd4 39.Red1+ Ke5 40.Rc4 Re7 41.Rc8 a5 42.bxa5 Bxa3
43.Rd8 Bd6 44.Rc1 Bc7 45.Ra8 Kd6 46.a6 bxa6 47.Rc6+ Ke5 48.Ra7 {#r} 1-0

[Event "Norberto La Porta Cup"]
[Site "masterchessopen.com Buenos Aires ARG"]
[Date "2017.03.25"]
[Round "2.1"]
[White "Bachmann,Ax"]
[Black "Churba,D"]
[Result "1-0"]
[WhiteElo "2646"]
[BlackElo "2114"]

1.Nf3 Nf6 2.c4 g6 3.Nc3 Bg7 4.e4 d6 5.d4 O-O 6.h3 e5 7.d5 a5 8.Be3 Na6 9.Be2
Nc5 10.Nd2 Ne8 11.g4 f5 12.gxf5 gxf5 13.Qc2 f4 14.Bxc5 dxc5 15.Bg4 Nd6
16.O-O-O Kh8 17.Kb1 Qe8 18.Qd3 Bd7 19.Rhg1 Rb8 20.Bxd7 Qxd7 21.Nb5 Bf6 22.Rg4
Rg8 23.Rdg1 Rg7 24.Kc2 Rbg8 25.Qe2 Nf7 26.Qd3 Nd6 27.Nxd6 cxd6 28.Qe2 a4
29.Nb1 Bd8 30.Nc3 Rxg4 31.Rxg4 Rxg4 32.Qxg4 Qxg4 33.hxg4 Kg7 34.f3 Kg6 35.Nxa4
Kg5 36.Nc3 Kh4 37.Kd3 h5 38.gxh5 Kxh5 39.a3 Kg6 40.Nb5 Be7 41.b4 cxb4 42.axb4
Kf7 43.c5 dxc5 44.d6 Bd8 45.bxc5 Ke6 46.Kc4 Ba5 47.Nc7+ Kd7 48.Kd5 Bc3 49.Ne6
Bb2 50.Nf8+ {#r} 1-0

[Event "Norberto La Porta Cup"]
[Site "masterchessopen.com Buenos Aires ARG"]
[Date "2017.03.25"]
[Round "2.2"]
[White "Kapitanchuk,Tomas"]
[Black "Perez Ponsa,F"]
[Result "0-1"]
[WhiteElo "2111"]
[BlackElo "2577"]

1.e4 c5 2.Nf3 Nc6 3.d4 cxd4 4.Nxd4 e6 5.c4 Nf6 6.Nc3 Bb4 7.Nxc6 bxc6 8.Bd3 e5
9.O-O O-O 10.Bg5 h6 11.Be3 d6 12.h3 Be6 13.Rc1 Nd7 14.Na4 Ba5 15.a3 c5 16.Bd2
Bxd2 17.Qxd2 Nb8 18.b4 cxb4 19.axb4 Nc6 20.Rb1 Nd4 21.Qe3 Rc8 22.Rfc1 Qd7
23.b5 f5 24.exf5 Bxf5 25.c5 Bxd3 26.Qxd3 Qf7 27.Rb2 dxc5 28.Qc4 Ne6 29.Re1 Nf4
30.Rc1 Ne6 31.Re1 Nf4 32.Rc1 Qxc4 33.Rxc4 Nd3 34.Rd2 Rfd8 35.Rc3 c4 36.b6 axb6
37.Nxb6 Rc6 38.Nxc4 e4 39.Rcc2 Rb8 40.Ne3 Rg6 41.Kh2 Rb3 42.Rc8+ Kh7 43.Nd5
Ne1 44.Nf4 Rxg2+ 45.Kh1 Rb1 46.h4 Rg4 {#R} 0-1

[Event "Norberto La Porta Cup"]
[Site "masterchessopen.com Buenos Aires ARG"]
[Date "2017.03.25"]
[Round "2.3"]
[White "Flores,Di"]
[Black "Olivares,D ARG"]
[Result "1-0"]
[WhiteElo "2568"]
[BlackElo "2110"]

1.c4 Nf6 2.Nc3 e6 3.d4 d5 4.Nf3 Be7 5.Bg5 O-O 6.e3 Nbd7 7.Qc2 c6 8.a3 Re8
9.Rd1 h6 10.Bh4 Nf8 11.Bd3 dxc4 12.Bxc4 Ng6 13.Bg3 Bd7 14.O-O Rc8 15.h3 Qa5
16.Ba2 Nd5 17.Ne4 c5 18.dxc5 Bxc5 19.Bxd5 exd5 20.Rxd5 b6 21.Rxd7 {#r} 1-0

[Event "Norberto La Porta Cup"]
[Site "masterchessopen.com Buenos Aires ARG"]
[Date "2017.03.25"]
[Round "2.4"]
[White "Zamani,Andres"]
[Black "Mekhitarian,K"]
[Result "0-1"]
[WhiteElo "2111"]
[BlackElo "2544"]

1.e4 c5 2.Nf3 e6 3.d3 Nc6 4.g3 d5 5.Qe2 Nge7 6.Bg2 g6 7.c3 Bg7 8.h4 e5 9.h5
Bg4 10.h6 Bf6 11.Nbd2 O-O 12.Nf1 c4 13.Ne3 cxd3 14.Qxd3 Be6 15.O-O d4 16.cxd4
Nxd4 17.Nxd4 exd4 18.Nc2 Rc8 19.Rd1 Bc4 20.Qf3 Nc6 21.Bf4 Qe7 22.Ne1 g5 23.Bd2
Ne5 24.Qh5 Be6 25.Bh3 g4 26.Bf4 Rc5 {#R} 0-1

[Event "March Lviv Tradition IMA"]
[Site "masterchessopen.com Lviv UKR"]
[Date "2017.03.25"]
[Round "8.1"]
[White "Bogdanov,Egor"]
[Black "Pugachov,I"]
[Result "0-1"]
[WhiteElo "2348"]
[BlackElo "2025"]

1.e4 c5 2.Nf3 d6 3.d4 cxd4 4.Nxd4 Nf6 5.Nc3 Nc6 6.Bc4 e6 7.O-O Be7 8.Kh1 O-O
9.Be3 Bd7 10.f4 Nxd4 11.Bxd4 Bc6 12.Qe2 d5 13.Rad1 Re8 14.f5 Qc8 15.e5 exf5
16.exf6 Bxf6 17.Qh5 Bxd4 18.Nxd5 g6 19.Qf3 Bg7 20.Qb3 Re4 21.Bd3 Bxd5 22.Qxd5
Rd4 23.Qb3 Qc7 24.Bb5 Rxd1 25.Rxd1 Rd8 26.c3 Be5 27.h3 Rxd1+ 28.Qxd1 Qc5
29.Qe2 Bc7 30.Bc4 Bb6 31.Qf1 Qe3 32.Bd5 Qd2 33.Bxb7 Qxb2 34.c4 Qxa2 35.Bd5 Qd2
36.Qb1 Qf2 37.Qd1 Bc5 38.Qb1 Kg7 39.Qa1+ Bd4 40.Qd1 Be5 41.Qc1 Qg3 42.Kg1 Bd4+
43.Kh1 Qf2 44.Qd1 a5 45.g3 a4 46.h4 h5 47.c5 Bxc5 48.Bxf7 Kxf7 {#R} 0-1

[Event "March Lviv Tradition IMA"]
[Site "masterchessopen.com Lviv UKR"]
[Date "2017.03.25"]
[Round "8.2"]
[White "Burnett,A"]
[Black "Khamidov,K"]
[Result "1-0"]
[WhiteElo "2162"]
[BlackElo "2135"]

1.d4 d5 2.c4 e6 3.Nf3 Nf6 4.Nc3 Nbd7 5.cxd5 exd5 6.Bf4 c6 7.e3 Be7 8.Qc2 O-O
9.O-O-O Nh5 10.Bd3 Nxf4 11.exf4 Nf6 12.Ne5 g6 13.f5 Nh5 14.Ne2 Qd6 15.g4 Bg5+
16.Kb1 Nf4 17.h4 Nxe2 18.Qxe2 Bf4 19.Qf3 Bxe5 20.dxe5 Qxe5 21.Rhe1 Qd6 22.f6
a5 23.h5 Bd7 24.g5 a4 25.Re7 Rfe8 26.hxg6 hxg6 27.Qh1 {#r} 1-0

[Event "March Lviv Tradition IMA"]
[Site "masterchessopen.com Lviv UKR"]
[Date "2017.03.25"]
[Round "8.3"]
[White "Krzywda,A"]
[Black "Terletsky,O"]
[Result "1-0"]
[WhiteElo "2132"]
[BlackElo "2279"]

1.e4 e5 2.Nf3 Nc6 3.d4 exd4 4.Nxd4 Nf6 5.Nxc6 bxc6 6.e5 Qe7 7.Qe2 Nd5 8.c4 Ba6
9.Nd2 f6 10.Qe4 Nb4 11.a3 d5 12.Qb1 Qxe5+ 13.Be2 Bxc4 14.Nxc4 dxc4 15.axb4
Bxb4+ 16.Kf1 c3 17.Qc2 a5 18.h4 O-O-O 19.Rh3 cxb2 20.Bxb2 Qd6 21.Rd1 Qc5
22.Qxc5 Bxc5 23.Rhd3 Rd6 24.Rc1 Rxd3 25.Bxd3 Bb4 26.Rxc6 Rd8 27.Ke2 Re8+
28.Kd1 Kb7 29.Rc4 c5 30.Re4 Rd8 31.Kc2 Rd7 32.Bc3 {#r} 1-0

[Event "March Lviv Tradition IMB"]
[Site "masterchessopen.com Lviv UKR"]
[Date "2017.03.25"]
[Round "9.2"]
[White "Sanz Wawer,Daniel"]
[Black "Gavrish,L"]
[Result "1-0"]
[WhiteElo "2178"]
[BlackElo "2217"]

1.e4 d6 2.d4 Nf6 3.Nc3 g6 4.Bg5 h6 5.Bxf6 exf6 6.Bd3 Bg7 7.f4 Nc6 8.Nge2 Nb4
9.f5 Nxd3+ 10.Qxd3 c6 11.O-O-O b5 12.Nf4 b4 13.Nce2 Qa5 14.Kb1 Ba6 15.Qf3
O-O-O 16.fxg6 fxg6 17.Nxg6 Rhe8 18.Ng3 Bc4 19.b3 Bf7 20.Nf4 Kc7 21.Nf5 Bf8
22.Rhe1 Qb5 23.Qd3 Qxd3 24.Rxd3 d5 25.Rde3 dxe4 26.Rxe4 Kd7 27.Kc1 Rxe4
28.Rxe4 Re8 29.Rxe8 Kxe8 30.Kd2 Kd7 31.Kd3 Kc7 32.Ke4 Kd7 33.g4 Bg8 34.h4 Bh7
35.h5 Ke8 36.Ng6 Kf7 37.Nxf8 Kxf8 38.d5 Kf7 39.dxc6 Ke6 40.c7 Kd7 41.Kd5 Bg8+
42.Kc5 Kxc7 43.Nxh6 Bh7 44.Nf5 Kd7 45.Kxb4 Kc6 46.c4 {#r} 1-0